| 000 | 00937nam a22002057a 4500 | ||
|---|---|---|---|
| 999 |
_c1523 _d1523 |
||
| 003 | CoMeUDC | ||
| 005 | 20220413095323.0 | ||
| 008 | 220413b ||||| |||| 00| 0 eng d | ||
| 040 | _cCO-UdeC | ||
| 082 |
_a923.28 _bD946 |
||
| 100 |
_92020 _aDuque, Villabrado Luis |
||
| 245 |
_aUn hombre, una historia, un pueblo : _bel testimonio de una vida / _cVillabrado Luis Duque. |
||
| 260 |
_aMedellín : _bOdín publicidad, _c2014. |
||
| 300 |
_a190 p. : _bil, col. _c24 cm. |
||
| 505 | _aSaludo del homenajeado -- Presentación -- Prólogo -- Los ancestros -- Anecdotario -- Los primeros oficios -- Anecdotario -- El hombre público al servicio de las causas sociales -- El dirigente político del oriente antioqueño -- Ensayos, reconocimientos y crónicas finales -- Anecdotario -- Epílogo | ||
| 546 | _aEspañol | ||
| 650 | 0 |
_92024 _aPolíticos antioqueños |
|
| 650 | 0 |
_92025 _aAbogados antioqueños _xBiografías |
|
| 942 |
_2ddc _cBK |
||